000 00580nam a22002057a 4500
005 20251108165521.0
008 250721s1988 xx 000 0 ara d
082 1 4 _aم/811.962/حاف
100 1 _aأمين، أحمد
245 1 0 _aديوان حافظ إبراهيم /
264 1 _aبيروت :
_bدار الجليل،
_c1988.
300 _a1مج
650 1 7 _aالشعر العربي
650 1 7 _aالعصر الحديث
650 1 7 _aمصر
700 1 _aالزين، أحمد
700 1 _aالأبياري، إبراهيم
942 _2ddc
_cREF
999 _c29795
_d29795